Příručka revizního technika pro elektrická zařízení NN /

Salvato in:
Dettagli Bibliografici
Autori principali: Honys, Václav (Autore), Lubovský, Zbyněk (Autore)
Natura: Libro
Lingua:ceco
Pubblicazione: Praha : SNTL, 1981
Edizione:2.vyd.
Serie:Praktické elektrotechnické příručky sv. 80
Tags: Aggiungi Tag
Nessun Tag, puoi essere il primo ad aggiungerne!!

MARC

LEADER 00000nam a22000003a 4500
001 stu693
005 20150617225618.2
008 910614s1981----cs------------------cze-d
040 |a STU  |b slo 
041 0 |a cze 
044 |a cs 
080 |a 621.315/.316 
080 |a 614.8(083.133.07) 
100 1 |a Honys, Václav  |4 aut 
245 1 |a Příručka revizního technika pro elektrická zařízení NN /  |c [aut.] Honys,Václav; Lubovský,Zbyněk 
250 |a 2.vyd. 
260 |a Praha :  |b SNTL,  |c 1981 
300 |a 265 s 
700 1 |a Lubovský, Zbyněk  |4 aut 
830 0 |a Praktické elektrotechnické příručky  |v sv. 80 
996 |c V*23055/O-9143  |l VV18  |s P  |a 0  |w stu693_0001 
996 |c V*23558/O-9487  |l VV4  |s P  |a 0  |w stu693_0002 
996 |b E48605  |c E*48605  |l EE10  |s P  |a 0  |w stu693_0003 
996 |b E51324  |c E*51324  |l EE05  |s P  |a 0  |w stu693_0004